Trade, Diasporas, and Representation. Finnish Consuls and Honorary Consuls in France from 1917 to 1945 (notice n° 1830019)

détails MARC
000 -LEADER
fixed length control field 01415cam a2200157 4500500
005 - DATE AND TIME OF LATEST TRANSACTION
control field 20260329004034.0
041 ## - LANGUAGE CODE
Language code of text/sound track or separate title fre
042 ## - AUTHENTICATION CODE
Authentication code dc
100 10 - MAIN ENTRY--PERSONAL NAME
Personal name Clerc, Louis
Relator term author
245 00 - TITLE STATEMENT
Title Trade, Diasporas, and Representation. Finnish Consuls and Honorary Consuls in France from 1917 to 1945
260 ## - PUBLICATION, DISTRIBUTION, ETC.
Date of publication, distribution, etc. 2025.<br/>
500 ## - GENERAL NOTE
General note 23
520 ## - SUMMARY, ETC.
Summary, etc. The Finnish consular network was developed in the 1920s following the country’s independence. It provides an opportunity to observe the development in a smaller state of a consular network dedicated to a variety of tasks (mainly services to the diaspora and trade monitoring). There was a strong debate over the role of these consuls, their recruitment, and the balance to be struck between the diplomatic and consular networks. These debates were not only related to foreign policy but also had domestic political aspects: diplomats were seen as elitist and expensive in a context where the Finnish state wished to limit the resources devoted to its diplomatic network. Consuls appeared as a reasonable and inexpensive alternative. Over time, the system expanded, and some Finnish consuls even became involved in France’s 1939-1945 political developments.
786 0# - DATA SOURCE ENTRY
Note Relations internationales | 203 | 3 | 2025-12-23 | p. 55-71 | 0335-2013
856 41 - ELECTRONIC LOCATION AND ACCESS
Uniform Resource Identifier <a href="https://shs.cairn.info/journal-relations-internationales-2025-3-page-55?lang=en&redirect-ssocas=7080">https://shs.cairn.info/journal-relations-internationales-2025-3-page-55?lang=en&redirect-ssocas=7080</a>

Pas d'exemplaire disponible.

PLUDOC

PLUDOC est la plateforme unique et centralisée de gestion des bibliothèques physiques et numériques de Guinée administré par le CEDUST. Elle est la plus grande base de données de ressources documentaires pour les Étudiants, Enseignants chercheurs et Chercheurs de Guinée.

Adresse

627 919 101/664 919 101

25 boulevard du commerce
Kaloum, Conakry, Guinée

Réseaux sociaux

Powered by Netsen Group @ 2025